Phonétique - Fruits - Statistiques

Statistiques générales
  • Ce quiz a été pris 94 fois
  • Le résultat moyen est 14 sur 15
Statistiques - réponses
Phonétique Fruit % Correct
fʁɛz Fraise
100%
mirtij Myrtille
99%
abʁikɔ Abricot
98%
miʁabɛl Mirabelle
98%
pɑ̃pləmus Pamplemousse
98%
pastɛk Pastèque
98%
fʁɑ̃bwaz Framboise
95%
ɡʁozɛj Groseille
94%
məlɔ̃ Melon
94%
ɡwajav Goyave
93%
ʁɛzɛ̃ Raisin
91%
mɑ̃ɡ Mangue
87%
pɛʃ Pêche
84%
ɔʁɑ̃ʒ Orange
76%
kwɛ̃ Coing
70%
Aucun quiz correspondant
Distribution des résultats
% des personnes avec chaque résultat
Percentile par nombre de réponses
Votre historique - résultats
Vous n’avez pas pris ce quiz